TROUNCE'S CLINICAL PHARMACOLOGY FOR NURSES AND ALLIED HEALTH PROFESSIONALS, (Record no. 216940)

MARC details
000 -LEADER
fixed length control field 00593nam a22001937a 4500
008 - FIXED-LENGTH DATA ELEMENTS--GENERAL INFORMATION
fixed length control field 260414b |||||||| |||| 00| 0 eng d
020 ## - INTERNATIONAL STANDARD BOOK NUMBER
International Standard Book Number 978-0-7020-6704-4
050 ## - LIBRARY OF CONGRESS CALL NUMBER
Classification number RM 300 .A53 2022
100 ## - MAIN ENTRY--PERSONAL NAME
Personal name ANAND, RUMA
245 ## - TITLE STATEMENT
Title TROUNCE'S CLINICAL PHARMACOLOGY FOR NURSES AND ALLIED HEALTH PROFESSIONALS,
250 ## - EDITION STATEMENT
Edition statement 19TH
260 ## - PUBLICATION, DISTRIBUTION, ETC.
Place of publication, distribution, etc. LONDON,
Name of publisher, distributor, etc. ELSEVIER,
Date of publication, distribution, etc. 2022.
300 ## - PHYSICAL DESCRIPTION
Extent VII, 559 P, ILL
500 ## - GENERAL NOTE
General note INCLUDES INDEX.
650 ## - SUBJECT ADDED ENTRY
Topical term or geographic name entry element PHARMACOLOGY, NURSING
700 ## - ADDED ENTRY--PERSONAL NAME
Personal name DEWILDE, STEPHEN. PAGE, CLIVE P. PATERSON, RUTH.
942 ## - ADDED ENTRY ELEMENTS (KOHA)
Source of classification or shelving scheme Library of Congress Classification
Koha item type Long Loan Book
Holdings
Withdrawn status Lost status Source of classification or shelving scheme Damaged status Not for loan Collection Home library Current library Shelving location Date acquired Inventory number Total checkouts Full call number Barcode Date last seen Copy number Price effective from Koha item type Date last checked out
    Library of Congress Classification     Medicine Kisii University Library Kisii University Library On Display 04/14/2026 112739   RM 300 .A53 2022 a001279 04/14/2026 1 04/14/2026 Long Loan Book  
    Library of Congress Classification     Medicine Kisii University Library Kisii University Library On Display 04/14/2026 112740   RM 300 .A53 2022 a001272 04/14/2026 2 04/14/2026 Long Loan Book  
    Library of Congress Classification     Medicine Kisii University Library Kisii University Library On Display 04/14/2026 112741   RM 300 .A53 2022 a001267 04/14/2026 3 04/14/2026 Long Loan Book  
    Library of Congress Classification     Medicine Kisii University Library Kisii University Library On Display 04/14/2026 112742   RM 300 .A53 2022 a001282 04/14/2026 4 04/14/2026 Long Loan Book  
    Library of Congress Classification     Medicine Kisii University Library Kisii University Library On Display 04/14/2026 112743 1 RM 300 .A53 2022 a001278 04/30/2026 5 04/14/2026 Long Loan Book 04/18/2026